Mária Terézia : najmocnejšia panovníčka Európy /

Gespeichert in:
Bibliographische Detailangaben
Weitere Verfasser: Vavrincová, Lenka (ÜbersetzerIn)
Format: Buch
Sprache:Slowakisch
Tschechisch
Veröffentlicht: Bratislava : Lindeni ; Albatros Media Slovakia, 2018
Ausgabe:2. vydanie
Schlagworte:
ISBN:9788056608135
Online-Zugang: Volltext
Tags: Tag hinzufügen
Keine Tags, Fügen Sie den ersten Tag hinzu!

MARC

LEADER 00000nam a2200000 4500
003 SK-BrCVT
005 20220621183711.0
006 aaco e 000 0b
008 190404s2018 xo aco e 000 0bslo#d
020 |a 9788056608135   |q (viaz.) 
035 |a CVTIDW0070245 
040 |a SNK  |b slo  |c POKPOH  |e rda  |d CVTI SR 
041 1 |a slo  |h cze 
044 |a xo  |c SK 
080 |a 929  |2 2008 
080 |a 929.731-055.2  |2 2011 
080 |a 94(436+439)  |2 2011 
080 |a (092)  |2 2011 
245 1 0 |a Mária Terézia :  |b najmocnejšia panovníčka Európy /  |c Vladimír Liška ; [preklad: Lenka Vavrincová] 
250 |a 2. vydanie 
260 |a Bratislava :  |b Lindeni ;  |b Albatros Media Slovakia,  |c 2018 
300 |a 205 s. :  |b fotogr., lit., obr. ;  |c 22 cm 
336 |a text  |b txt  |2 rdacontent 
337 |a bez média  |b n  |2 rdamedia 
338 |a zväzok  |b nc  |2 rdacarrier 
500 |a Vydalo vydavateľstvo Lindeni v spoločnosti Albatros Media Slovakia s.r.o. 
500 |a Obsahuje biografické údaje o autorovi 
600 0 7 |a Mária Terézia,  |c česká a uhorská kráľovna, cisárovná, manželka Františka Štefana I., rímskonemeckého cisára,  |d 1717-1780  |2 SNKMA 
648 7 |a 18. storočie  |2 SNKPH 
648 7 |a 18th century  |2 SNKPHeng 
650 0 7 |a panovníčky  |2 SNKPH 
650 0 7 |a Queens and empresses  |2 SNKPHeng 
651 7 |a Rakúsko-Uhorsko  |x dejiny  |2 SNKPH 
651 7 |a Austro-Hungarian Monarchy  |x history  |2 SNKPHeng 
653 1 |a životopis 
655 7 |a autobiografie, biografie  |2 SNKPH 
655 7 |a Biography  |2 SNKPHeng 
700 1 |a Vavrincová, Lenka  |4 trl 
852 |a CVTISR  |b 1 
901 |a 1 Slovenská národná knižnica Martin (SNK)  |b 20190404120922  |d clas01  |u z3950.snk.sk:1111  |i vtls011833135  |m 20190327103800.0 
910 |b A627664 
919 |a 978-80-566-0813-5 
959 |a 02 
974 |a katarina.repata  |f Knihy 
992 |a AAU 
999 |c 266225  |d 266225